[Event "15th HZ Open"]
[Site "Vlissingen NED"]
[Date "2011.08.01"]
[Round "4"]
[White "Zaragatski, Ilja"]
[Black "Rosmuller, Anton"]
[Result "1-0"]
[WhiteTitle "IM"]
[WhiteElo "2469"]
[BlackElo "2091"]
[WhiteFideId "4655192"]
[BlackFideId "1007270"]
[EventDate "2011.07.30"]

1. Nf3 Nf6 2. g3 b5 3. Na3 a6 4. c4 b4 5. Nc2 e6 6. Bg2 Bb7 7. d4 a5 8. O-O Be4
9. Bh3 c5 10. Be3 Qb6 11. d5 h6 12. Nd2 Bh7 13. Bf4 Bd6 14. Bxd6 Qxd6 15. Bg2 e5
16. a3 b3 17. Nxb3 Qb6 18. Ne1 d6 19. Ra2 O-O 20. Nd2 Nbd7 21. e4 a4 22. Nd3 Qa6
23. Qc2 Rab8 24. f3 Nb6 25. Raa1 Nfd7 26. Bh3 Nf6 27. Rae1 Rfe8 28. Nf2 Re7 29.
Nd1 Reb7 30. Rf2 Nbd7 31. Bf1 Qa5 32. Bd3 g5 33. Ref1 Kh8 34. Nb1 Rg8 35. Nbc3
Nb6 36. Nb5 Rd7 37. Rg2 Nh5 38. Kf2 Bg6 39. Ke2 Qa8 40. Kd2 f6 41. Kc1 Be8 42.
Kb1 Rd8 43. Nc7 Qb7 44. Ne6 Rb8 45. Ne3 Bg6 46. f4 exf4 47. gxf4 Nd7 48. Ng4
Nxf4 49. Nxf4 gxf4 50. Nxh6 Rg7 51. Rxf4 Ne5 52. Ng4 Bh7 53. Nxe5 Rxg2 54. Qxg2
fxe5 55. Rf2 Qb3 56. Qf3 Rg8 57. Qf6+ Rg7 58. Bc2 Qb7 59. Qxd6 1-0

[Event "15th HZ Open"]
[Site "Vlissingen NED"]
[Date "2011.08.01"]
[Round "4"]
[White "Dahm, Jochen"]
[Black "Willemsma, Abe"]
[Result "1/2-1/2"]
[WhiteTitle "FM"]
[WhiteElo "2345"]
[BlackElo "2088"]
[WhiteFideId "4659350"]
[BlackFideId "1011561"]
[EventDate "2011.07.30"]

1. e4 c5 2. c3 d5 3. exd5 Qxd5 4. d4 Nc6 5. Nf3 Bg4 6. Be2 cxd4 7. cxd4 e6 8.
Nc3 Qa5 9. Be3 Nf6 10. h3 Bh5 11. O-O Bd6 12. a3 O-O 13. Qb3 Ne7 14. g4 Bg6 15.
Nb5 Bb8 16. Ne5 Be4 17. f3 Bd5 18. Qd3 Nc6 19. b4 Qd8 20. f4 Ne4 21. Nc3 Qh4 22.
Nxe4 Bxe4 23. Qxe4 Qg3+ 24. Kh1 Qxh3+ 25. Kg1 Qg3+ 1/2-1/2

[Event "15th HZ Open"]
[Site "Vlissingen NED"]
[Date "2011.08.01"]
[Round "4"]
[White "Ortmann, David"]
[Black "Bottema, Martin"]
[Result "1/2-1/2"]
[WhiteTitle "FM"]
[WhiteElo "2322"]
[BlackElo "2062"]
[WhiteFideId "4651588"]
[BlackFideId "1011006"]
[EventDate "2011.07.30"]

1. Nf3 d5 2. d4 Nf6 3. c4 e6 4. Nc3 Be7 5. Bg5 O-O 6. e3 h6 7. Bh4 Ne4 8. Bxe7
Qxe7 9. Rc1 Nxc3 10. Rxc3 c6 11. Bd3 Nd7 12. O-O dxc4 13. Bxc4 e5 14. Bb3 exd4
15. exd4 Rd8 16. Re1 Qd6 17. Rce3 Nf8 18. Ne5 Be6 19. Qh5 Bxb3 20. Rxb3 Qc7 21.
Qg4 Re8 22. Rd1 Rad8 23. Rg3 f6 24. Nf3 Rd5 25. Nh4 Qd7 26. Qxd7 Nxd7 27. Re3
Rxe3 28. fxe3 g5 29. Nf3 Nc5 30. Nd2 Na4 31. Ne4 Kf7 32. b3 f5 33. Nxg5+ hxg5
34. bxa4 Ke6 35. Rb1 b6 36. Rb4 c5 37. dxc5 Rxc5 38. h4 gxh4 39. Rxh4 Rc2 40.
Rh7 Rxa2 41. Rxa7 Ke5 42. Rb7 Rxa4 43. Rxb6 f4 44. exf4+ Kxf4 45. Rg6 Kf5 46.
Rg8 Rg4 47. Rf8+ Kg6 48. Kf2 Kg7 49. Rf5 Ra4 50. Rg5+ Kh6 51. Rg8 Kh7 52. Rb8
Kg7 53. Rb6 Ra7 54. Kg3 Ra4 55. Kh3 Rc4 56. g4 Rc3+ 57. Kh4 Rc5 58. Rb2 Ra5 59.
Rf2 Rb5 60. Kg3 Kg6 61. Rh2 Ra5 62. Rh8 Kg7 63. Rb8 Kg6 64. Kh4 Rc5 65. Rb6+ Kg7
66. g5 Rc1 67. Rb4 Rh1+ 68. Kg4 Rg1+ 69. Kf5 Rf1+ 70. Rf4 Rxf4+ 71. Kxf4 Kg6 72.
Kg4 Kg7 73. Kf5 Kf7 74. g6+ Kg7 75. Kg5 Kg8 76. Kf6 Kf8 77. g7+ Kg8 1/2-1/2

[Event "15th HZ Open"]
[Site "Vlissingen NED"]
[Date "2011.08.01"]
[Round "4"]
[White "Brookes, Christopher"]
[Black "Afek, Yochanan"]
[Result "1-0"]
[BlackTitle "IM"]
[WhiteElo "2056"]
[BlackElo "2298"]
[WhiteFideId "4669355"]
[BlackFideId "2800462"]
[EventDate "2011.07.30"]

1. e4 c5 2. Nf3 Nf6 3. e5 Nd5 4. Nc3 e6 5. d4 Nxc3 6. bxc3 d5 7. exd6 Bxd6 8.
Bd3 Nd7 9. O-O O-O 10. Qe2 Qc7 11. Bg5 Re8 12. Rae1 Nf8 13. Ne5 f6 14. Qh5 g6
15. Nxg6 fxg5 16. Nxf8 Rxf8 17. Re3 Qg7 18. dxc5 Bf4 19. Rh3 Rf7 20. g3 Be5 21.
f4 Bxc3 22. fxg5 Qd4+ 23. Kg2 Qd5+ 24. Rf3 Qxf3+ 25. Qxf3 Rxf3 26. Kxf3 Bd7 27.
Bxh7+ Kf8 28. Be4 Rc8 29. Rh7 Bg7 30. h4 Rxc5 31. h5 Rc3+ 32. Bd3 Kg8 33. g6 Be8
34. Kg4 Rc5 35. h6 Bf6 36. g7 Rg5+ 37. Kf4 Kf7 38. Bc4 b5 39. Rh8 bxc4 40. Rf8+ 1-0

[Event "15th HZ Open"]
[Site "Vlissingen NED"]
[Date "2011.08.01"]
[Round "4"]
[White "Provoost, Simon"]
[Black "Van Der Zalm, Marnix"]
[Result "1/2-1/2"]
[WhiteElo "2295"]
[BlackElo "2058"]
[WhiteFideId "1016334"]
[BlackFideId "1004611"]
[EventDate "2011.07.30"]

1. c4 f5 2. g3 Nf6 3. Bg2 g6 4. Nc3 Bg7 5. d3 O-O 6. e4 d6 7. Nge2 c6 8. O-O e5
9. exf5 gxf5 10. d4 Na6 11. b3 Be6 12. Bg5 Qd7 13. Qd2 Rae8 14. Rad1 Qf7 15. d5
cxd5 16. Bxf6 Bxf6 17. Nxd5 Bg7 18. f4 Kh8 19. Nb4 Nxb4 20. Qxb4 e4 21. Rxd6 Bf6
22. Rfd1 Be7 23. Qc3+ Kg8 24. R6d2 Bc5+ 25. Kh1 Qe7 26. Qe5 Bb4 27. Rc2 Rd8 28.
Rcc1 Bd6 29. Qc3 Bb4 30. Qc2 Rxd1+ 31. Rxd1 Rd8 32. Bf1 Rxd1 33. Qxd1 Bc5 34.
Qd2 Qf6 35. Qc3 Qe7 36. Qd2 Bb4 37. Qb2 Qd7 38. Qd4 Qe7 39. Qxa7 Bc5 40. Qb8+
Kf7 41. Qh8 Kg6 42. Qe5 Bd6 43. Qc3 Bb4 44. Qc2 Qc5 45. Nc3 Bxc3 46. Qxc3 Qf2
47. Qa1 e3 48. Qd1 Bd7 49. Qd6+ Kh5 50. Qd1+ Kg6 51. Qd6+ 1/2-1/2

[Event "15th HZ Open"]
[Site "Vlissingen NED"]
[Date "2011.08.01"]
[Round "4"]
[White "Admiraal, Miguoel"]
[Black "Rademakers, Maarten"]
[Result "1/2-1/2"]
[WhiteElo "2246"]
[BlackElo "2054"]
[WhiteFideId "1019716"]
[BlackFideId "1026003"]
[EventDate "2011.07.30"]

1. d4 d5 2. c4 c6 3. Nf3 Nf6 4. g3 e6 5. Bg2 Nbd7 6. O-O Be7 7. Qc2 O-O 8. Nbd2
Re8 9. b3 Bd6 10. Bb2 e5 11. cxd5 cxd5 12. dxe5 Nxe5 13. Nxe5 Bxe5 14. Bxe5 Rxe5
15. Nf3 Re8 16. Rac1 Qa5 17. Nd4 Bd7 18. e3 Rac8 19. Qb2 Ne4 20. Ne2 Bb5 21.
Rxc8 Rxc8 22. Rc1 Rxc1+ 23. Qxc1 g6 24. Nd4 Bd3 25. a3 Qc3 26. Qxc3 Nxc3 27. Bf1
Bxf1 28. Kxf1 Kf8 29. Ke1 Ke7 30. f3 a6 31. a4 Kd6 32. Kd2 1/2-1/2

[Event "15th HZ Open"]
[Site "Vlissingen NED"]
[Date "2011.08.01"]
[Round "4"]
[White "Tiggelman, Rene"]
[Black "Lukas, Manfred"]
[Result "1-0"]
[WhiteElo "2233"]
[BlackElo "2050"]
[WhiteFideId "1006185"]
[BlackFideId "4633440"]
[EventDate "2011.07.30"]

1. Nf3 c5 2. c4 Nc6 3. g3 g6 4. Bg2 Bg7 5. O-O e6 6. Nc3 Nge7 7. e3 O-O 8. d4
cxd4 9. Nxd4 d5 10. cxd5 Nxd4 11. exd4 Nxd5 12. Nxd5 exd5 13. Qb3 Be6 14. Qxb7
Qb8 15. Qxb8 Rfxb8 16. Rd1 Rb4 17. b3 Rc8 18. Be3 Rc2 19. Kf1 Rb6 20. Rac1 Rbc6
21. Rxc2 Rxc2 22. Rc1 Rxa2 23. Bxd5 1-0

[Event "15th HZ Open"]
[Site "Vlissingen NED"]
[Date "2011.08.01"]
[Round "4"]
[White "Van Midde, Jon"]
[Black "Haast, Anne"]
[Result "0-1"]
[BlackTitle "WIM"]
[WhiteElo "1993"]
[BlackElo "2223"]
[WhiteFideId "1013033"]
[BlackFideId "1017292"]
[EventDate "2011.07.30"]

1. e4 c5 2. Nc3 Nc6 3. g3 g6 4. Bg2 Bg7 5. d3 Rb8 6. f4 d6 7. Nf3 b5 8. O-O e6
9. Ne2 Qb6 10. Kh1 b4 11. f5 exf5 12. exf5 Bxf5 13. Ng5 Nf6 14. Nf4 O-O 15. Nd5
Nxd5 16. Bxd5 Ne7 17. Bg2 Bd7 18. Rb1 Bc6 19. Nf3 Nd5 20. Bd2 Qa6 21. Qc1 Rfe8
22. Bh6 Bh8 23. Qd2 Qb7 24. Qf2 Nf6 25. h3 Nd7 26. Kh2 Nf8 27. Bf4 Qd7 28. h4
Ne6 29. Bh3 Rbd8 30. Bg5 f6 31. Bh6 f5 32. g4 Nd4 33. Nxd4 Bxd4 34. Qd2 fxg4 35.
Bg2 Be5+ 36. Kh1 g3 37. Bxc6 Qh3+ 38. Kg1 Bd4+ 0-1

[Event "15th HZ Open"]
[Site "Vlissingen NED"]
[Date "2011.08.01"]
[Round "4"]
[White "Roessler, Wolfgang"]
[Black "Hamelink, Desiree"]
[Result "0-1"]
[BlackTitle "WIM"]
[WhiteElo "1992"]
[BlackElo "2220"]
[WhiteFideId "24624390"]
[BlackFideId "1006258"]
[EventDate "2011.07.30"]

1. e4 c5 2. c3 d5 3. exd5 Qxd5 4. d4 Nf6 5. Nf3 e6 6. Bd3 Nc6 7. O-O Be7 8. Re1
O-O 9. c4 Qh5 10. dxc5 Bxc5 11. Be3 Bxe3 12. Rxe3 b6 13. Nc3 Bb7 14. Ne4 Ng4 15.
Ng3 Nxe3 16. fxe3 Qh6 17. Qe2 Rad8 18. Rf1 f5 19. Nd4 Nxd4 20. exd4 f4 21. Ne4
Rxd4 22. Rf3 Rfd8 23. Rh3 Qg6 24. Ng5 Rxd3 25. Rxd3 Rxd3 26. h3 Rg3 0-1

[Event "15th HZ Open"]
[Site "Vlissingen NED"]
[Date "2011.08.01"]
[Round "4"]
[White "Ducarmon, Renzo"]
[Black "Meurs, Tom"]
[Result "0-1"]
[WhiteElo "1990"]
[BlackElo "2217"]
[WhiteFideId "1002279"]
[BlackFideId "1021176"]
[EventDate "2011.07.30"]

1. e4 e5 2. Bc4 Nf6 3. d3 Nc6 4. c3 Bc5 5. Nf3 a6 6. a4 Ba7 7. O-O d6 8. Nbd2
O-O 9. Re1 h6 10. Nf1 Be6 11. Bb3 d5 12. exd5 Bxd5 13. Ng3 Ng4 14. Rf1 Bxb3 15.
Qxb3 Qxd3 16. Qxb7 Qc4 17. Nd2 Qe6 18. Qb3 Qxb3 19. Nxb3 f5 20. h3 Nxf2 21. Rxf2
e4 22. Kf1 Bxf2 23. Kxf2 g5 24. Nc5 Ne5 25. Ne6 Rf7 26. Nd4 Nc4 27. b3 Nd6 28.
Ba3 f4 29. Nge2 Re8 30. Bxd6 cxd6 31. Rd1 h5 32. Kg1 g4 33. hxg4 hxg4 34. Rf1 f3
35. Ng3 Re5 36. c4 a5 37. Nc6 e3 38. gxf3 e2 39. Re1 gxf3 40. Kf2 Rg5 41. Rg1
Rfg7 42. Nxe2 fxe2 43. Rxg5 Rxg5 44. Kxe2 Kf7 45. Kd3 Ke6 46. Nd4+ Kd7 47. Ke4
Re5+ 48. Kd3 Kc7 49. Nb5+ Kc6 50. Kd4 Rh5 51. Na7+ Kd7 52. Kc3 Rh3+ 53. Kb2 Kc7
54. Nb5+ Kc6 55. Nc3 Rh2+ 56. Ka3 Rc2 57. Nd5 Kc5 58. Ne3 Rh2 59. Nd5 Kd4 60.
Nc7 Ke4 61. Nb5 Ke5 62. Nc7 Ke4 63. Nb5 Rh6 64. Na7 Kd3 65. Nc6 Rh5 66. b4 axb4+
67. Kxb4 Rh1 68. Kb3 Rb1+ 69. Ka2 Rb6 70. Na5 Kc3 71. Ka3 Rb1 72. Ka2 Rb2+ 73.
Ka3 Rb6 74. Ka2 Ra6 0-1

[Event "15th HZ Open"]
[Site "Vlissingen NED"]
[Date "2011.08.01"]
[Round "4"]
[White "Van Den Berg, Bram"]
[Black "Oosterman, Maarten-Jan"]
[Result "1-0"]
[WhiteElo "2206"]
[BlackElo "1992"]
[WhiteFideId "1008684"]
[BlackFideId "1025929"]
[EventDate "2011.07.30"]

1. e4 c6 2. d4 d5 3. e5 Bf5 4. h4 h5 5. Bg5 Qb6 6. Bd3 Bxd3 7. Qxd3 e6 8. Nf3
Ne7 9. Nc3 Nd7 10. O-O Nf5 11. a3 Be7 12. Bxe7 Kxe7 13. g3 Rh6 14. b4 Qc7 15.
Ne2 Nb6 16. Nf4 Nc4 17. a4 Qc8 18. Nd2 Nxd2 19. Qxd2 Kd7 20. Ra3 Qd8 21. b5 Rc8
22. bxc6+ Rxc6 23. Rb1 Qc7 24. c3 Rh8 25. a5 g6 26. Nd3 b6 27. axb6 axb6 28.
Rba1 Rb8 29. Nb4 Ne7 30. Na6 Qc8 31. Nxb8+ Qxb8 32. Ra8 1-0

[Event "15th HZ Open"]
[Site "Vlissingen NED"]
[Date "2011.08.01"]
[Round "4"]
[White "Colijn, Erik-Jan"]
[Black "Duchene, Rene"]
[Result "0-1"]
[WhiteElo "1961"]
[BlackElo "2206"]
[WhiteFideId "1024760"]
[BlackFideId "1006304"]
[EventDate "2011.07.30"]

1. e4 e6 2. d4 d5 3. exd5 exd5 4. Bd3 c5 5. c3 Nc6 6. Nf3 Nf6 7. O-O cxd4 8.
cxd4 Be7 9. Bg5 O-O 10. h3 h6 11. Be3 Nb4 12. Be2 Bf5 13. Nc3 Nc2 14. Rc1 Nxe3
15. fxe3 Ne4 16. Nxe4 Bxe4 17. Qb3 Bd6 18. Nd2 Qg5 19. Nxe4 dxe4 20. Bg4 Rae8
21. Rf5 Qh4 22. Bh5 Re7 23. Rcf1 Qg3 24. Rxf7 Qh2+ 25. Kf2 Rfxf7+ 26. Ke1 Qg3+
27. Kd1 g6 0-1

[Event "15th HZ Open"]
[Site "Vlissingen NED"]
[Date "2011.08.01"]
[Round "4"]
[White "Aben, Paul"]
[Black "Brown, Andrew"]
[Result "0-1"]
[BlackTitle "IM"]
[WhiteElo "1939"]
[BlackElo "2202"]
[WhiteFideId "1029495"]
[BlackFideId "3206513"]
[EventDate "2011.07.30"]

1. c4 g6 2. g3 Bg7 3. Bg2 Nf6 4. Nc3 O-O 5. e4 d6 6. Nge2 e5 7. O-O Be6 8. d3
Qd7 9. f4 c6 10. Rb1 Bh3 11. f5 Bxg2 12. Kxg2 d5 13. Bg5 d4 14. Na4 Na6 15. c5
h6 16. Bd2 Rab8 17. Qc1 Kh7 18. Qc4 Nc7 19. Rbc1 Nb5 20. b4 Ne8 21. fxg6+ fxg6
22. Rxf8 Bxf8 23. Rf1 Bg7 24. Qf7 Qxf7 25. Rxf7 Nf6 26. Re7 Kg8 27. Nb2 Kf8 28.
Rxe5 Nd7 29. Re6 Kf7 30. Nf4 g5 31. Nh5 Bf8 0-1

[Event "15th HZ Open"]
[Site "Vlissingen NED"]
[Date "2011.08.01"]
[Round "4"]
[White "Smits, Sebastiaan"]
[Black "Armstrong, Malcolm J"]
[Result "1/2-1/2"]
[WhiteElo "2180"]
[BlackElo "1988"]
[WhiteFideId "1019384"]
[BlackFideId "409049"]
[EventDate "2011.07.30"]

1. e4 c6 2. d4 d5 3. Nd2 dxe4 4. Nxe4 Bf5 5. Ng3 Bg6 6. h4 h6 7. f4 e6 8. Nf3
Nd7 9. h5 Bh7 10. Bd3 Bxd3 11. Qxd3 Qc7 12. Bd2 O-O-O 13. Qe2 Ngf6 14. O-O-O Bd6
15. Ne5 Nb6 16. Kb1 Rhe8 17. Ba5 Qe7 18. Rhe1 Bc7 19. c4 Kb8 20. Qf3 Nfd7 21.
Bxb6 Nxb6 22. Qb3 Bxe5 23. fxe5 Qg5 24. a4 Re7 25. a5 Nc8 26. Qf3 Red7 27. Re4
f5 28. exf6 gxf6 29. Qf4+ Qxf4 30. Rxf4 f5 31. Re1 Rg7 32. Rf3 Rdg8 33. Ne2 Rxg2
34. Nf4 Rg1 35. Re3 Nd6 36. b3 Rxe1+ 37. Rxe1 Ne4 38. Nxe6 Re8 39. d5 cxd5 40.
cxd5 Nc3+ 41. Kb2 Nxd5 42. Rd1 Rxe6 43. Rxd5 Rf6 44. Rd3 Kc7 45. Kc3 Kc6 46. Kc4
f4 47. Rf3 Rf5 48. b4 a6 49. Kd4 Kb5 50. Ke4 Rf8 51. Rxf4 Rxf4+ 52. Kxf4 Kxb4
53. Kf5 Kxa5 54. Kg6 b5 55. Kxh6 b4 56. Kg5 b3 57. h6 b2 58. h7 b1=Q 59. h8=Q
Ka4 60. Qd4+ Qb4 61. Qd1+ Kb5 62. Qd7+ Ka5 63. Qd8+ Qb6 64. Qd2+ Kb5 65. Qb2+
Kc6 66. Qxb6+ Kxb6 67. Kf4 Kc5 1/2-1/2

[Event "15th HZ Open"]
[Site "Vlissingen NED"]
[Date "2011.08.01"]
[Round "4"]
[White "De Vleeschauwer, Maarten"]
[Black "Nieuwelink, Kees"]
[Result "1-0"]
[WhiteElo "1918"]
[BlackElo "2177"]
[WhiteFideId "214809"]
[BlackFideId "1003216"]
[EventDate "2011.07.30"]

1. e4 e5 2. Nf3 Nc6 3. Bc4 Nf6 4. Ng5 d5 5. exd5 Nd4 6. c3 b5 7. cxd4 bxc4 8.
dxe5 Qxd5 9. Qe2 Ng4 10. O-O Bc5 11. Nf3 Bb7 12. Nc3 Qc6 13. h3 h5 14. d4 cxd3
15. Qxd3 Rd8 16. Qf5 g6 17. Qf4 Ba6 18. Ng5 Rd7 19. hxg4 Bxf1 20. Kxf1 hxg4 21.
Kg1 g3 22. Be3 gxf2+ 23. Qxf2 Bxe3 24. Qxe3 Qb6 25. Qxb6 cxb6 26. Nce4 Ke7 27.
Rc1 Rh4 28. Nf6 1-0

[Event "15th HZ Open"]
[Site "Vlissingen NED"]
[Date "2011.08.01"]
[Round "4"]
[White "Padurariu, Ioana-Smaranda"]
[Black "Albrecht, Alex"]
[Result "1-0"]
[WhiteTitle "WIM"]
[WhiteElo "2164"]
[BlackElo "1939"]
[WhiteFideId "1210947"]
[BlackFideId "1013580"]
[EventDate "2011.07.30"]

1. e4 e6 2. d4 d5 3. Nc3 Bb4 4. e5 c5 5. a3 Bxc3+ 6. bxc3 Qc7 7. Qg4 f5 8. Qg3
cxd4 9. cxd4 Ne7 10. Bd2 O-O 11. Bd3 Nbc6 12. Ne2 Bd7 13. h4 f4 14. Qf3 Nxd4 15.
Nxd4 Qxe5+ 16. Kf1 Qxd4 17. Bc3 Qb6 18. Qg4 Rf7 19. Kg1 d4 20. Bd2 Nd5 21. Qh5
Nf6 22. Qe5 Ng4 23. Qe4 g6 24. h5 Nf6 25. Qxf4 Nxh5 26. Qg5 Kh8 27. Bxg6 hxg6
28. Qxg6 Rg7 29. Qxh5+ Kg8 30. Bh6 Be8 31. Qh4 Rg6 32. Be3 e5 33. Qh7+ Kf8 34.
Bh6+ Rxh6 35. Rxh6 Qd8 36. Qh8+ Kf7 1-0

[Event "15th HZ Open"]
[Site "Vlissingen NED"]
[Date "2011.08.01"]
[Round "4"]
[White "Both, Erik"]
[Black "Burg, Henk"]
[Result "1-0"]
[WhiteElo "2147"]
[BlackElo "1882"]
[WhiteFideId "1010999"]
[BlackFideId "1017691"]
[EventDate "2011.07.30"]

1. c4 e5 2. g3 c6 3. Nf3 d6 4. Nc3 f5 5. Bg2 Nf6 6. O-O Be6 7. d3 Nbd7 8. b4 Qc7
9. Bb2 g6 10. a4 Bg7 11. a5 a6 12. Qa4 O-O 13. Ng5 Bf7 14. b5 Nc5 15. Qb4 axb5
16. Nxf7 Rxf7 17. cxb5 e4 18. d4 Ne6 19. Rfd1 d5 20. Rdc1 Qd7 21. Na4 Qe8 22.
Nb6 Rb8 23. bxc6 Bf8 24. Qa4 Nc7 25. cxb7 Qxa4 26. Rxa4 Rxb7 27. e3 Kg7 28. Bf1
Na8 29. Rc6 Nxb6 30. Rxb6 Ra7 31. Ba3 Bxa3 32. Rxa3 Rfc7 33. a6 Rc8 34. Rab3 Ne8
35. R3b5 Kh6 36. Rxd5 Kg5 37. Kg2 Nf6 38. h4+ 1-0

[Event "15th HZ Open"]
[Site "Vlissingen NED"]
[Date "2011.08.01"]
[Round "4"]
[White "Blom, Vincent"]
[Black "Verbeek, Mathijs"]
[Result "1-0"]
[WhiteElo "2126"]
[BlackElo "1726"]
[WhiteFideId "1014358"]
[BlackFideId "1027794"]
[EventDate "2011.07.30"]

1. Nf3 Nc6 2. d4 d5 3. e3 Bf5 4. Be2 e6 5. O-O Bd6 6. a3 Nf6 7. Nbd2 Ne4 8. c4
h5 9. c5 Be7 10. Nxe4 Bxe4 11. b4 g5 12. Qa4 Bf6 13. Bb2 h4 14. Nd2 Bf5 15. Rad1
g4 16. e4 dxe4 17. Nc4 Kf8 18. Ne3 g3 19. d5 gxh2+ 20. Kh1 Bxb2 21. dxc6 Qg5 22.
cxb7 Rb8 23. Qd7 Be5 24. Nxf5 exf5 25. Bc4 Qf6 26. f4 exf3 27. Rxf3 f4 28. Qc8+
Kg7 29. Qg4+ Kh6 30. Rh3 Qg6 31. Qxh4+ Kg7 32. Qxh8+ Rxh8 33. Rxh8 c6 34. b8=Q
Bxb8 35. Rxb8 Qc2 36. Rbd8 Qxc4 37. R8d3 Qe4 38. Kxh2 Qe2 39. R1d2 Qh5+ 40. Rh3
Qe5 41. Rf3 Qh5+ 42. Kg1 Qf5 43. Rdf2 Qb1+ 44. Rf1 Qb2 45. Rxf4 Qxa3 46. Rxf7+
Kg8 47. R7f4 Qe3+ 48. Kh1 Qe5 49. R1f3 Qh5+ 50. Rh3 Qe5 51. Rg3+ Kh7 52. Rh4+ 1-0

[Event "15th HZ Open"]
[Site "Vlissingen NED"]
[Date "2011.08.01"]
[Round "4"]
[White "Bernshtein, Tomer"]
[Black "Van Den Berg, Ad"]
[Result "0-1"]
[WhiteElo "1919"]
[BlackElo "2244"]
[WhiteFideId "2808137"]
[BlackFideId "1001426"]
[EventDate "2011.07.30"]

1. e4 c5 2. Nf3 e6 3. d4 cxd4 4. Nxd4 a6 5. Nc3 b5 6. a3 Bb7 7. Be3 Qc7 8. Be2
Nf6 9. f3 h5 10. Qd2 d6 11. O-O-O Nbd7 12. h3 d5 13. g4 hxg4 14. hxg4 Rxh1 15.
Rxh1 dxe4 16. g5 Nd5 17. Nxe4 Nxe3 18. Qxe3 Qe5 19. Bd3 Nc5 20. Rh4 Nxd3+ 21.
Qxd3 Rd8 22. c3 Bxe4 23. Rxe4 Qxg5+ 24. f4 Qg1+ 25. Kc2 Bc5 26. f5 Bxd4 27. cxd4
Qf2+ 28. Re2 Qxd4 29. Qxd4 Rxd4 30. fxe6 f6 31. e7 a5 32. Rg2 g5 33. Re2 a4 34.
Kc3 Rd5 35. b3 axb3 36. Kxb3 Re5 37. Rg2 Kxe7 38. a4 bxa4+ 39. Kxa4 Rc5 40. Kb4
Rc8 0-1

[Event "15th HZ Open"]
[Site "Vlissingen NED"]
[Date "2011.08.01"]
[Round "4"]
[White "Goormachtigh, Johan"]
[Black "Van Veen, Maarten"]
[Result "1/2-1/2"]
[WhiteTitle "FM"]
[WhiteElo "2237"]
[BlackElo "1910"]
[WhiteFideId "200280"]
[BlackFideId "1027751"]
[EventDate "2011.07.30"]

1. d4 Nf6 2. c4 c5 3. d5 b5 4. cxb5 a6 5. bxa6 Bxa6 6. Nc3 g6 7. Nf3 d6 8. g3
Bg7 9. Bg2 O-O 10. O-O Nbd7 11. Rb1 Qa5 12. Bd2 Rfb8 13. Qc2 Qd8 14. b3 Ra7 15.
h3 Nb6 16. Nh4 Ne8 17. Rfd1 Nc7 18. e4 Nb5 19. Nxb5 Bxb5 20. a4 Ba6 21. Nf3 Nd7
22. Bc3 Be2 23. Rdc1 Bxf3 24. Bxf3 Bxc3 25. Qxc3 Rb4 26. Qc2 1/2-1/2

[Event "15th HZ Open"]
[Site "Vlissingen NED"]
[Date "2011.08.01"]
[Round "4"]
[White "Ten Hagen, Yorick"]
[Black "Van Sonderen, Paul"]
[Result "1-0"]
[WhiteElo "2189"]
[BlackElo "1902"]
[WhiteFideId "1020072"]
[BlackFideId "1026798"]
[EventDate "2011.07.30"]

1. d4 Nf6 2. c4 e5 3. dxe5 Ne4 4. Qd4 Nc5 5. Nf3 Nc6 6. Qd1 d6 7. Bg5 Qd7 8.
exd6 Bxd6 9. Nc3 O-O 10. g3 Qg4 11. Bg2 Qxc4 12. O-O Bg4 13. Rc1 Qe6 14. Nd5 Ne4
15. Re1 Bxf3 16. exf3 Nxg5 17. Rxe6 fxe6 18. f4 Nf7 19. Ne3 Rfd8 20. Bxc6 bxc6
21. Qg4 e5 22. Nf5 g6 23. Rxc6 Rab8 24. b3 exf4 25. Nxd6 cxd6 26. gxf4 Kg7 27.
Rc7 Rf8 28. f5 Kf6 29. Qd4+ Kxf5 30. Rxf7+ Rxf7 31. Qd5+ 1-0

[Event "15th HZ Open"]
[Site "Vlissingen NED"]
[Date "2011.08.01"]
[Round "4"]
[White "Vermue, Albert"]
[Black "Riemens, Albert"]
[Result "1/2-1/2"]
[WhiteElo "1905"]
[BlackElo "2140"]
[WhiteFideId "1026968"]
[BlackFideId "1003941"]
[EventDate "2011.07.30"]

1. e4 c5 2. d4 cxd4 3. c3 g6 4. cxd4 d5 5. exd5 Nf6 6. Bb5+ Nbd7 7. Nc3 Bg7 8.
Bf4 O-O 9. d6 Nb6 10. dxe7 Qxe7+ 11. Nge2 Nfd5 12. O-O Nxf4 13. Nxf4 Qb4 14.
Nfe2 Rd8 15. a3 Qd6 16. Re1 Be6 17. Ne4 Qd5 18. N4c3 Qd6 19. Ne4 Qd5 20. N4c3
Qd6 1/2-1/2

[Event "15th HZ Open"]
[Site "Vlissingen NED"]
[Date "2011.08.01"]
[Round "4"]
[White "Ijzermans, Cees"]
[Black "Haak, Eelco"]
[Result "1-0"]
[WhiteElo "1900"]
[BlackElo "2123"]
[WhiteFideId "1027425"]
[BlackFideId "1003844"]
[EventDate "2011.07.30"]

1. e4 e6 2. d4 d5 3. Nc3 Bb4 4. Bd3 c5 5. a3 Bxc3+ 6. bxc3 Nc6 7. Nf3 c4 8. Be2
Nf6 9. Nd2 Qa5 10. Bb2 Qb5 11. Qc1 Qa4 12. e5 Ng8 13. O-O Bd7 14. Nf3 Nge7 15.
Qd2 O-O-O 16. Rfb1 f6 17. Bc1 Ng6 18. h4 h5 19. g3 Qa5 20. a4 Qc7 21. Kg2 fxe5
22. Qg5 Rh6 23. Nxe5 Ncxe5 24. dxe5 Bc6 25. Kf1 Rf8 26. Qe3 Nxe5 27. Qxa7 Nd7
28. Bxh6 gxh6 29. Qe3 e5 30. Ke1 Qd6 31. Rd1 Qe6 32. a5 Qf5 33. a6 bxa6 34. Rxa6
Bb7 35. Rxh6 Qxc2 36. Rxh5 Kb8 37. Rc1 Qb2 38. Rd1 Qc2 39. Rg5 Qb2 40. Rg7 Bc6
41. h5 d4 42. cxd4 c3 43. Rxd7 Bxd7 44. Qxe5+ Ka8 45. Qd5+ 1-0

[Event "15th HZ Open"]
[Site "Vlissingen NED"]
[Date "2011.08.02"]
[Round "5"]
[White "Van Haastert, Edwin"]
[Black "Smeets, Jan"]
[Result "1/2-1/2"]
[WhiteTitle "IM"]
[BlackTitle "GM"]
[WhiteElo "2421"]
[BlackElo "2628"]
[WhiteFideId "1003992"]
[BlackFideId "1007246"]
[EventDate "2011.07.30"]

1. e4 c5 2. Nf3 e6 3. d4 cxd4 4. Nxd4 a6 5. Nc3 b5 6. Bd3 Ne7 7. O-O Nec6 8.
Nxc6 Nxc6 9. f4 d6 10. Be3 g6 11. Qd2 Bb7 12. Rad1 Be7 13. Qf2 O-O 14. Qg3 Nb4
15. f5 Nxd3 16. cxd3 b4 17. Ne2 Bh4 18. Qg4 exf5 19. exf5 Re8 20. Bh6 Qe7 21.
Ng3 Bf6 22. Rd2 Bd5 23. Kh1 Bxa2 24. Ne4 Bd5 25. Nxf6+ Qxf6 26. Rdf2 Rac8 27.
Bg5 Qg7 28. f6 Qf8 29. h4 h6 30. Bd2 a5 31. h5 g5 32. Bxg5 Be6 33. Rf5 Bxf5 34.
Rxf5 hxg5 35. Rxg5+ Kh8 36. Rg7 Re6 37. Qf5 Qxg7 38. fxg7+ Kxg7 39. Qg5+ Kh7 40.
Qf5+ Kg7 41. Qg5+ Kh7 42. Qf5+ Kg7 1/2-1/2